000 00784nas a2200253 4500
001 BR2010002682
003 BR-BrBNA
005 20231205114235.0
007 ta
008 230509b bl.|||p| |||| 00| 00por d
040 _aBR-BrBNA
_bpor
_cBiblioteca Nacional de Agricultura
041 _a(Pt)
072 _aF50
100 1 _aGalastri, N.A.
100 1 _aOliveira, D.M.T. de
245 1 _aMorfoanatomia e ontogênese do fruto e semente de Vernonia platensis (Spreng.)Less. (Asteraceae)
650 _aASSA-PEIXE
650 _aSEMENTE
650 _aANATOMIA VEGETAL
650 _aTEGUMENTO
773 0 _tActa Botanica Brasilica (Brazil)
_xISSN 0102-3306
_g(Jan-Mar 2010), v. 24(1) p. 73-83
_wBR2010002682
909 _a202311
_bLúcia
_c55
_dLúcia Elande
942 _2AGRIS
_n0
_cANA
999 _c207778
_d207778